WNBA Teams - Statistics

General Stats
  • This quiz has been taken 18 times
  • The average score is 11 of 15
Answer Stats
Answer % Correct
Atlanta Dream
100%
Indiana Fever
100%
Los Angeles Sparks
100%
New York Liberty
100%
Chicago Sky
83%
Connecticut Sun
83%
Golden State Valkyries
83%
Las Vegas Aces
83%
Dallas Wings
67%
Minnesota Lynx
67%
Seattle Storm
50%
Washington Mystics
50%
Phoenix Mercury
33%
Portland Fire
33%
Toronto Tempo
17%
No matching quizzes found
Score Distribution
Percent of People with Each Score
Percentile by Number Answered
Your Score History
You have not taken this quiz